Cachondeos, escarceos y otros meneos /

Bibliographic Details
Main Author: Cela, Camilo José, 1916-2002
Other Authors: Abad Contreras, Pedro
Format: Book
Language:Spanish
Published: Madrid : Ediciones Temas de Hoy, 1991.
Edition:1. ed.
Series:Biblioteca erótica ; 12.
Subjects:

MARC

Tag First Indicator Second Indicator Subfields
LEADER 00000cam a2200000 a 4500
001 in00001226331
005 20151002094258.0
008 930518s1991 sp a bd 000 1 spa d
010 |a  91212395  
020 |a 8478800735 
035 |a (OCoLC)24933016 
035 |9 AGQ6896AM 
040 |a WyU  |c DLC  |d UtOrBLW 
042 |a lccopycat 
049 |a TXAM 
050 0 4 |a PQ6605.E44  |b A6 1991 
100 1 |a Cela, Camilo José,  |d 1916-2002. 
240 1 0 |a Short stories.  |k Selections 
245 1 0 |a Cachondeos, escarceos y otros meneos /  |c Camilo José Cela ; [prólogo y vocabulario secreto, Pedro Abad Contreras]. 
250 |a 1. ed. 
264 1 |a Madrid :  |b Ediciones Temas de Hoy,  |c 1991. 
300 |a 270 pages :  |b illustrations ;  |c 22 cm. 
336 |a text  |b txt  |2 rdacontent 
337 |a unmediated  |b n  |2 rdamedia 
338 |a volume  |b nc  |2 rdacarrier 
490 1 |a Biblioteca erótica ;  |v 12 
500 |a "Vocabulario secreto extraido de algunas historias de Camilo José Cela": pages [187]-268. 
504 |a Includes bibliographical references (pages 269-270). 
600 1 0 |a Cela, Camilo José,  |d 1916-2002  |x Language  |x Glossaries, etc. 
650 0 |a Spanish language  |x Obscene words  |x Glossaries, vocabularies, etc. 
700 1 |a Abad Contreras, Pedro. 
830 0 |a Biblioteca erótica ;  |v 12. 
999 |a MARS 
999 f f |s 943de9df-e262-33e0-8b9b-5ae82b540d5b  |i d26cc922-a667-3c68-acd6-6d525172fe4d  |t 0 
952 f f |p ric  |a Texas A&M University  |b Rellis Campus  |c Joint Library Facility  |d Remote Storage  |t 0  |e PQ6605.E44 A6 1991  |h Library of Congress classification  |i unmediated -- volume  |m A14819108969 
998 f f |a PQ6605.E44 A6 1991  |t 0  |l Remote Storage